Responses for Show #1226 - Monday, December 25, 1989

Jeff Bandman game 5.
Missing introductions.

Contestants

[<< previous game]

Bill McIntyre, originally from New Jersey

Christina Glatfelter, from Pennsylvania/Baltimore area WMAR

Jeff Bandman, a lawyer from La Jolla, California (whose 4-day cash winnings total $39,501)

[next game >>]

Jeopardy! Round responses

HIGH SCHOOL HISTORY
SICKNESS & HEALTH
GAMES
"C" HERE
TOUGH TV TRIVIA
CHRISTMAS DECORATIONS
    $100 1
Kaiser

Bill
    $100 26
breast cancer

Jeff
    $100 16
bowling

Bill
    $100 6
a cone

Bill
    $100 21
[Alex attempted to imitate Don Adams while reading some of the clue.]

Get Smart

Chris
    $100 11
stockings

Chris
    $200 2
Corsica

Bill
    $200 27
cauliflower ear

Bill
    $200 17
(Bill: What is a pawn?)
(Chris: What is a queen?)

the king

JeffChrisBill
    $200 7
(Bill: What is... uh, no.)

The Christian Science Monitor

JeffBill
    $200 22
(Alex: With a minute to go in the round.)

Max Headroom

Jeff
    $200 12
(Chris: What is Merry Christmas?)

Feliz Navidad

ChrisBill
    $500 3
England (Great Britain)

Bill
    $300 18
(Alex: They are called [*]; the tiddly is the shooter.)

the winks

Triple Stumper
    $300 8
cannon fodder

Bill
    $300 23
(Jeff: What is yellow?)

orange

Jeff
Triple Stumper
    $300 13
a nativity scene

Chris
    $400 4
the Boer War

Chris
    $400 19
21

Jeff
    $400 9
(Chris: What is a buttercup?)
(Bill: What is a carnation?)

cornflower

ChrisBill
Triple Stumper
    $400 24
the Sweathogs

Jeff
    $400 14
(Alex: Yes, Dr. Joel Robert Poinsett.)
[The man's middle name is Roberts.]

poinsettia

Chris
    $500 5
the Third Estate

Jeff
    $500 28
[The end-of-round signal sounds.]

leprosy

Triple Stumper
    $500 20
a star

Triple Stumper
    $500 10
claptrap

Triple Stumper
    $500 25
Judy & Elroy

Jeff
    $500 15
mistletoe

Triple Stumper

Scores at the first commercial break (after clue 11):

Jeff Chris Bill
$700 $100 $600

Scores at the end of the Jeopardy! Round:

Jeff Chris Bill
$2,200 $500 $900

Double Jeopardy! Round responses

U.S.A.
MUSICAL THEATER
WOMEN
STAMPS
SPY NOVELS
FOREIGN PHRASES
    $200 3
New York

Jeff
    $200 1
Maria

Chris
    $200 11
Florence Griffith Joyner

Jeff
    $200 26
[The end-of-round signal sounds.]

the glue on stamps (the adhesive)

Chris
    $200 14
(Bill: Who is, uh, Ken Follett?)

Robert Ludlum

JeffBill
    $200 17
Do you speak English?

Bill
    $400 4
(Jeff: What is Miami?)

Jacksonville

JeffBill
    $400 2
Carmen Jones

Bill
    $400 12
Barbara Tuchman

Jeff
    $400 22
John le Carré

Bill
    $400 18
cast pearls before swine

Triple Stumper
    $600 5
(Alex: It's in [*], right near Rugby.)

North Dakota

Triple Stumper
    $600 6
Marvin Hamlisch

Bill
    $600 13
(Chris: Who is Agnes de Mille?)

Martha Graham

ChrisBill
    $600 23
The Dogs of War

Bill
    $600 19
a slip of the tongue

Jeff
    $800 8
Indiana

Triple Stumper
    $800 7
(Jeff: Who is Irving Berlin?)
(Chris: Who is Cole Porter?)

George Gershwin

JeffChrisBill
    $1,500 15
(Jeff: What is Maria?)

Renata

Jeff
    $800 24
The Manchurian Candidate

Jeff
    $1,000 20
"Go With God"

Jeff
    $1000 9
(Bill: What is Atlanta?)

Boston

Bill
Triple Stumper
    $1000 10
Gentlemen Prefer Blondes

Chris
    $1000 16
Spain

Triple Stumper
    $1000 25
(Chris: Who is McGuinness?)
(Alex: Say it again.)
(Chris: McGuinness?)

MacInnes

ChrisBill
    $1000 21
(Alex: We've got a minute left.)

watch out for jellyfish

Jeff

Scores at the end of the Double Jeopardy! Round:

Jeff Chris Bill
$3,900 -$500 $4,700

[wagering suggestions for these scores]

Final Jeopardy! Round responses

THE SUPREME COURT
(Alex: [Before revealing the clue] Be very specific when you write down your response.)
JeffWho is Jimmy Carter?
$1,100
BillWho was Truman
$3,100
Jimmy Carter, Andrew Johnson, Zachary Taylor or William Henry Harrison

Final scores:

Jeff Chris Bill
$5,000 -$500 $1,600
5-day champion: $44,501 3rd place: Emerson 20" TV/VCR + Nintendo Entertainment System with Family & Junior edition of Jeopardy! & Wheel of Fortune 2nd place: Lehigh bedroom furniture + Kingsdown sleep set

Game dynamics:

Coryat scores:

Jeff Chris Bill
$5,200 -$500 $4,500
16 R
(including 1 DD),
4 W
(including 1 DD)
8 R,
6 W
17 R
(including 1 DD),
5 W

Combined Coryat: $9,200

[game clues] [game scores] [suggest correction]

Game tape date: 1989-09-11
The J! Archive is created by fans, for fans. Scraping, republication, monetization, and malicious use prohibited; this site may use cookies and collect identifying information. See terms. The Jeopardy! game show and all elements thereof, including but not limited to copyright and trademark thereto, are the property of Jeopardy Productions, Inc. and are protected under law. This website is not affiliated with, sponsored by, or operated by Jeopardy Productions, Inc. Join the discussion at JBoard.tv.